000 01094nam a2200241Ia 4500
003 Ost
005 20260507075519.0
008 260507s9999||||xx |||||||||||||| ||und||
020 _a9957180800
040 _cfsecg
041 _aara
082 _a310
100 _aحمدان، فتحي
_eمؤلف
245 0 _aمبادئ الاحصاء للمهن التجارية /
_c فتحي حمدان
260 _aعمان:
_bدار المناهج,
_c2009
300 _a255 صفحة؛
_bإيضاحات ؛
_c24 سم
504 _aببليوغرافيا:ص.255
520 _aعرض البيانات الاحصائية وتبويبها،مقاييس النزعة المركزية،مقاييس التشتت،الارتباط والانحدار،الاحتمالات،التوزيع الطبيعي،الأرقام القياسية،السلاسل الزمنية،الإحصاءات السكانية والحيوية
653 _aالإحصاء - المعاملات الإرتباطية
653 _aالتجارة
700 _aفليفل، كامل
_eمؤلف ثانوي
942 _cكتاب
999 _c44768
_d44768